| 000 | 00686nam a2200265Ia 4500 | ||
|---|---|---|---|
| 003 | OSt | ||
| 005 | 20220912151452.0 | ||
| 006 | a|||||r|||| 00| 0 | ||
| 007 | ta | ||
| 008 | 220909b |||||||| |||| 00| 0 eng d | ||
| 024 | _a52355 | ||
| 037 | _cTextual | ||
| 040 |
_aCSL _beng _cCSL |
||
| 041 | _aeng | ||
| 082 | _aJ:4:5g, N0 | ||
| 100 | _aHance R J Ed. | ||
| 245 | 0 | _aWeed control handbook: principles | |
| 250 | _a8th | ||
| 260 |
_aLondon _bBlackwell Scientific Publications _c1990 |
||
| 300 |
_a582p. _ccm. |
||
| 650 | _aAgriculture | ||
| 700 | _a Holly K Ed. | ||
| 942 |
_hJ:4:5g, N0 _cTEXL _2CC |
||
| 999 |
_c69213 _d69213 |
||